| 000 | 00638nam a2200181 a 4500 | ||
|---|---|---|---|
| 001 | 000047736 | ||
| 005 | 20201002060715.0 | ||
| 008 | 180724s2015 dr ac 000 0 spa d | ||
| 040 |
_aDO-SdBNP _bspa _cBNPHU |
||
| 041 | 1 | 7 |
_aspa _heng |
| 082 |
_axx _bxx |
||
| 245 | 0 | 0 |
_aPlan apostólico de la provincia antillas = _bApostolic Plan Antilles Province. |
| 246 | 1 | 3 |
_aApostolic Plan Antilles Province : _b2015-2022 |
| 260 |
_aSanto Domingo, República Dominicna : _bCompañía de Jesús, _c2015. |
||
| 300 |
_a40 p. : _bils., retrs ; _c28 cm. |
||
| 590 | _aInventariado, 2019/VM | ||
| 710 | 2 |
_aCompañía de Jesús (República Dominicana) _975334 |
|
| 999 |
_c47224 _d47224 |
||